00558nam a2200193Ia 4500003000400000005001700004008004100021020002200062040000700084041000800091082002300099100002600122245010800148250000600256260004500262300001900307365001300326650002500339OSt20230410144741.0210423s2011 xx 000 0 und d a978-0-19-569618-9 cAL aeng a658.001 223bSALM aSASLVATORE (Dominick) aManagerial economics: principles and worldwide applications adapted version Ed 6cSRIVASTAVA (Ravikesh) a6 aNew DelhibOxford University Pressc2011 axxxiii,666bPB b465cINR aManagerial Economics